000 00696nam a2200217Ia 4500
003 OSt
005 20220926002449.0
006 a|||||r|||| 00| 0
007 ta
008 220923b |||||||| |||| 00| 0 eng d
037 _cGeneral Book
040 _aRTL
_cRTL
_beng
041 _2eng
_aeng
082 _aX9(J3).652.P06, P6/GD
100 _aPAL Parthaprotin
_9305909
245 0 _aDevelopment boxed
_b Analysis box shifting and other issues of domestic subsidies in WTO agriculture negotiations.
260 _a New Delhi
_bMTO
_c2006
300 _avii,19p.
_ccm.
942 _hX9(J3).652.P06, P6/GD
_cGB
_2CC
999 _c605120
_d605120